Detalles MARC
| 000 -LÍDER |
| Campo fijo de descripción fija |
01437nam a22003017a 4500 |
| 001 - NÚMERO DE CONTROL |
| Campo de control |
20639 |
| 003 - IDENTIFICADOR DEL NÚMERO DE CONTROL |
| Campo de control |
CO-MdFUSB |
| 005 - FECHA Y HORA DE LA ULTIMA TRANSACCIÓN |
| control field |
20180622072545.0 |
| 008 - ELEMENTOS DE LONGITUD FIJA -- INFORMACIÓN GENERAL |
| Campo fijo de descripción fija -- Información general |
160824t1994 xxu||||f |||| 00| 0 eng d |
| 020 ## - NÚMERO INTERNACIONAL NORMALIZADO PARA LIBROS |
| Número Internacional Normalizado del libro |
0-8006-2669-9 |
| 040 ## - FUENTE DE CATALOGACIÓN |
| Agencia de catalogación original |
CO-MdFUSB |
| Idioma de catalogación |
Español |
| Agencia que realiza la transcripción |
CO-MdFUSB |
| Agencia que realiza la modificación |
CO-MdFUSB |
| Convenciones de la descripción |
rda |
| 041 ## - CÓDIGO DE IDIOMA |
| Código de idioma para texto/pista de sonido o título separado |
eng |
| 082 ## - NÚMERO DE CLASIFICACIÓN DECIMAL DEWEY |
| Número de la edición del Dewey |
24 |
| Número de clasificación |
226.3 |
| Clave de autor-Numero de item |
H215g |
| 100 1# - ASIENTO PRINCIPAL--NOMBRE PERSONAL |
| Nombre personal |
Hamerton-Kelly, Robert G. |
| Fechas asociadas con el nombre |
autor |
| 245 14 - TÍTULO |
| Título del Material |
The gospel and the sacred |
| Parte restante del título - Subtitulo |
: Poetics of violence in Mark |
| Mención de responsabilidad, etc. |
/ Robert G. Hamerton-Kelly |
| 264 #4 - PRODUCCIÓN, PUBLICACIÓN, DISTRIBUCIÓN, MANUFACTURA, Y COPYRIGHT |
| Lugar de producción, publicación, distribución, manufactura |
Minneapolis, Minnesota : |
| Nombre del productor, publicador, distribuidor |
Fortress Press, |
| Fecha de producción, publicación, distribución, manufactura, o copyright |
©1994 |
| 300 ## - DESCRIPCIÓN FÍSICA |
| Extensión |
xvi, 175 páginas |
| 336 ## - TIPO DE CONTENIDO |
| Fuente |
rdacontent |
| Término de tipo de contenido |
texto |
| Código de tipo de contenido |
txt |
| 337 ## - TIPO DE MEDIO |
| Fuente |
rdamedia |
| Nombre del tipo de medio |
sin mediación |
| Código del tipo de medio |
n |
| 338 ## - TIPO DE SOPORTE |
| Fuente |
rdacarrier |
| Nombre del tipo de soporte |
volumen |
| Código Tipo de soporte |
nc |
| 500 ## - NOTA GENERAL |
| Nota General |
Incluye índices (p. 159-175) |
| 501 ## - NOTA DE “CON” |
| Nota de Contenido |
Rústico |
| 505 00 - NOTA DE CONTENIDO |
| Nota de contenido con formato preestablecido |
Introducción: La teoría de la violencia sagrada como un método de interpretación -Violencia sagrado y espacio sagrado: Jesús en el templo (11:1-12:44) - La revelación de lo sagrado: La destrucción del templo y la muerte de Jesús (13:1-16: 8) - La poética del lugar: El camino de Jesús como la forma del chivo expiatorio (1: 1-3: 35) - La poética de la fe: El grupo y el individuo (4:1-10: 52) - El tiempo y el espacio como las categorías de interpretación - El evangelio y lo sagrado |
| 653 ## - TÉRMINO DE INDIZACIÓN - NO CONTROLADO |
| Término no controlado |
Bible. N.T. -- Mark -- exegesis |
| 653 ## - TÉRMINO DE INDIZACIÓN - NO CONTROLADO |
| Término no controlado |
Biblia. N.T. -- Marcos -- exégesis |
| 942 ## - TIPO DE MATERIAL (KOHA) |
| Tipo de Item KOHA |
Libros General |